000 01266cad a22002535a 4500
001 E144719
008 080806s2007 xxk f s000 0 eng d
020 _a9780755968107
035 _a(Sirsi) u144719
041 0 _aeng
050 0 4 _a306.1 $2 18
110 2 _aHeriot Watt University
_bSchool of the Built Environment
_94760
245 0 0 _aDesign at the heart of house-building
_h[electronic resource]
260 _aEdinburgh
_bScottish Government
_c2007
520 _aExamines how private sector developers in Scotland view design and how they engage with design quality in the development of new housing. The research primarily aims to provide information on the current status of design within the Scottish housebuilding industry, and to suggest ways in which design can be promoted as a key element in driving future housing development.
521 _aAdvanced
590 _aKA
651 4 _aScotland
_y1999-
690 _aPROPERTY-RESIDENTIAL PROPERTY-DOMESTIC RESIDENTIAL PROPERTY-HOUSING
710 1 _aEdinburgh College of Art
_bSchool of Architecture
_95588
710 1 _aEdinburgh University
_92950
856 4 0 _uhttps://www.scotland.gov.uk/Publications/2007/11/08110758/0
_zView the research free of charge at www.scotland.gov.uk...
942 _n0
999 _c108599
_d108599